Bilan économique et social 1987

Saved in:
Bibliographic Details
Format: Book
Language:Undetermined
Published: Paris IDA LLefèbre 1987
Subjects:
Tags: Add Tag
No Tags, Be the first to tag this record!
Institutions: Trung tâm Học liệu Trường Đại học Cần Thơ
LEADER 00407nam a2200157Ia 4500
001 CTU_25867
008 210402s9999 xx 000 0 und d
082 |a 330.02 
082 |b B595 
245 0 |a Bilan économique et social 1987 
260 |a Paris 
260 |b IDA LLefèbre 
260 |c 1987 
650 |a economics 
904 |i Minh, 980930 
980 |a Trung tâm Học liệu Trường Đại học Cần Thơ